• 首页
  • 本馆介绍
  • 公告通知
  • 最新文献
  • 馆藏检索
  • 电子资源
  • 读者导购
  • 参考咨询
  • 我的图书馆
  • 登录
  • 详细信息显示
  • 放入我的书架
  • 预约/预借图书
  • 作者相关作品
  • 分类相关作品
  • 丛书相关作品
  • 出版社相关作品

书目信息

  • 表格格式
  • 工作单格式
  • 卡片格式
题名:
二十世纪三四十年代河南冀东保甲制度研究
    
 
作者: 朱德新 著
分册:  
出版信息: 北京   中国社会科学出版社  2008
页数: 223页
开本: 23cm
丛书名:
单 册:
中图分类: D693.62
科图分类:
主题词: 地方政府--政治制度--研究--河南省--民国 , 地方政府 , 政治制度
电子资源:
ISBN: 978-7-5004-6609-3
000 00992nam0 2200277 45
001 1033114593
005 20100407172346.93
010    @a978-7-5004-6609-3@dCNY28.00
100    @a20100402d2008 em y0chiy50 ea
101 0  @achi@eeng@deng
102    @aCN@b110000
105    @ay z 000yy
106    @ar
200 1  @a二十世纪三四十年代河南冀东保甲制度研究@AEr Shi Shi Ji San Si Shi Nian Dai He Nan Ji Dong Bao Jia Zhi Du Yan Jiu@f朱德新著@FZhu De Xin Zhu
205    @a修订版
210    @a北京@c中国社会科学出版社@d2008
215    @a223页@d23cm
300    @a澳门理工学院资助出版
330    @a本书对二十世纪三四十年代河南、冀东保甲制度做了区域性的实证研究,阐明了保甲行政人员产生的渠道、职能、群体结构、生财之道,揭示了两面政权的特点和作用等。
606 0  @a地方政府@x政治制度@x研究@y河南省@z民国
606 0  @a地方政府
606 0  @a政治制度
690    @aD693.62@v4
701  0 @a朱德新@AZhu De Xin@4著
801  0 @aCN@bTANGWEI@c20100407
905    @b0588585-88@dD693.62@e153=2@f4
    
    二十世纪三四十年代河南冀东保甲制度研究/朱德新著.-修订版.-北京:中国社会科学出版社,2008
    223页;23cm
    澳门理工学院资助出版
    
    ISBN 978-7-5004-6609-3:CNY28.00
    本书对二十世纪三四十年代河南、冀东保甲制度做了区域性的实证研究,阐明了保甲行政人员产生的渠道、职能、群体结构、生财之道,揭示了两面政权的特点和作用等。
●
相关链接 在E读中查询图书 在五车中查询图书 在当当中查询图书 在豆瓣中查询图书


正题名:二十世纪三四十年代河南冀东保甲制度研究     索取号:D693.62/153=2         预约/预借

序号 登录号 条形码 馆藏地/架位号 状态 备注
1 0588585   205885853   第一样本阅览室/ [索取号:D693.62/153=2] 在馆    
2 0588586   205885862   第一借阅区/ [索取号:D693.62/153=2] 在馆    
3 0588587   205885871   第一借阅区/ [索取号:D693.62/153=2] 在馆    
4 0588588   205885880   第一借阅区/ [索取号:D693.62/153=2] 在馆    
唐山师范学院图书馆 欢迎您!
大连网信软件有限公司© 版权所有